Smerujeme k novému svetovému poriadku?
Nastupujúce mocnosti ako Čína, India, Brazília a ďalšie a obavy z ignorácie alebo novej definície noriem, pravidiel a inštitucionálnych dohôd, ktoré zaviedli európske štáty a USA po roku 1945. Hospodárska kríza ako kríza "Západu". Rastúca hospodárska a vojenská sila nastupujúcich mocností. Obmedzeni...
Salvato in:
| Autore principale: | |
|---|---|
| Natura: | Capitolo di libro |
| Lingua: | slovacco |
| Soggetti: | |
| Tags: |
Nessun Tag, puoi essere il primo ad aggiungerne!!
|
MARC
| LEADER | 00000naa a2200000 4500 | ||
|---|---|---|---|
| 001 | 0150899 | ||
| 005 | 20231018094409.3 | ||
| 041 | 0 | |a slo | |
| 044 | |a SK | ||
| 245 | 1 | 0 | |a Smerujeme k novému svetovému poriadku? |c Robin Niblett |
| 520 | |a Nastupujúce mocnosti ako Čína, India, Brazília a ďalšie a obavy z ignorácie alebo novej definície noriem, pravidiel a inštitucionálnych dohôd, ktoré zaviedli európske štáty a USA po roku 1945. Hospodárska kríza ako kríza "Západu". Rastúca hospodárska a vojenská sila nastupujúcich mocností. Obmedzenia medzinárodného a regionálneho vplyvu nastupujúcich mocností. Moc silných stránok USA a EÚ. Zásadný posun medzinárodného usporiadania je nepravdepodobný. | ||
| 610 | 2 | 0 | |a politika medzinárodná |
| 610 | 2 | 0 | |a politika zahraničná |
| 610 | 2 | 0 | |a vzťahy medzinárodné |
| 610 | 2 | 0 | |a geopolitika |
| 610 | 2 | 0 | |a rast hospodársky |
| 610 | 2 | 0 | |a moc politická |
| 610 | 2 | 0 | |a USA |
| 610 | 2 | 0 | |a Európska únia |
| 610 | 2 | 0 | |a Čína |
| 610 | 2 | 0 | |a India |
| 610 | 2 | 0 | |a Brazília |
| 100 | 1 | |a Niblett, Robin | |